000 00599nam a2200193Ia 4500
003 GCL
008 140319s9999 xx 000 0 ara d
040 _aGCL /
_cGCL
082 0 4 _a811.094
_bع ب
100 1 _aعبدالعليم عيسى
245 1 0 _aبعض نفسى: شعر /
_cعبدالعليم عيسى
260 _a[S.N] :
_bالهيئة المصرية العامة للكتاب ،
_c1992
300 _a142 ص
490 _a
650 0 4 _aالشعر العربى
650 0 4 _aالادب العربى
650 0 4 _aالشعر العربى - العصر الحديث
942 _2ddc
_cBK
999 _c29660
_d29660